| 000 | 00867nam a22001817a 4500 | ||
|---|---|---|---|
| 999 |
_c59171 _d59171 |
||
| 003 | Ge_BSU | ||
| 005 | 20221201154903.0 | ||
| 008 | 221201s1979ge xxu||||| |||| 00| 0 geo d | ||
| 041 | _ageo | ||
| 080 | _a821.353.1.09 მ-40 | ||
| 100 |
_aმაღრაძე, ელგუჯა, ავტ. _916293 |
||
| 245 |
_aგულითა მართლით : _b[სტატიები] / _cელგუჯა მაღრაძე, რედ.გ. ციციშვილი |
||
| 264 |
_aთბილისი : _bსაბჭ. საქართველო, _c1979. |
||
| 300 |
_a374გვ. ; _b21 სმ. |
||
| 653 | _aლიტერატურის ისტორია და კრიტიკა -- ქართული ლიტერატურა. | ||
| 700 |
_aციციშვილი, გ _eრედაქტორი _916294 |
||
| 942 |
_2udc _cBK |
||